[Event "ch-Paris Open"]
[Site "Paris FRA"]
[Date "2001.07.28"]
[Round "8"]
[White "Erdelyi,Z"]
[Black "Salaun,Y"]
[Result "1-0"]
[WhiteElo "2230"]
[BlackElo "2405"]

1.e4 c5 2.Nf3 d6 3.d4 cxd4 4.Nxd4 Nf6 5.Nc3 a6 6.Be3 e5 7.Nb3 b5 8.f3 Nbd7
9.g4 Nb6 10.g5 Nfd7 11.Na5 Na4 12.Nxa4 Qxa5+ 13.Nc3 Bb7 14.Qd2 Be7 15.O-O-O O-O
16.Kb1 b4 17.Nd5 Bxd5 18.exd5 Bd8 19.h4 Bb6 20.Bxb6 Qxb6 21.h5 Nc5 22.Bg2 a5
23.f4 exf4 24.Qxf4 f6 25.h6 fxg5 26.Qxg5 g6 27.Rde1 Rf5 28.Qh4 Raf8 29.Re7 R5f7
30.Rxf7 Rxf7 31.Re1 Nd7 32.Bh3 Ne5 33.Be6 Qc7 34.Qf6 Kf8 35.Qh8+ Ke7 36.Bxf7  1-0

[Event "Open"]
[Site "Novosibirsk RUS"]
[Date "2001.07.29"]
[Round "11"]
[White "Botvinkov,A"]
[Black "Pavlov,O"]
[Result "1/2-1/2"]
[WhiteElo "2220"]
[BlackElo "2052"]

1.e4 c5 2.Nf3 d6 3.d4 cxd4 4.Nxd4 Nf6 5.Nc3 a6 6.Be3 Ng4 7.Bg5 h6 8.Bh4 g5
9.Bg3 Bg7 10.Qd2 Nc6 11.Nb3 Be6 12.f3 Nge5 13.Nd5 b5 14.Bf2 Rb8 15.Nd4 Bxd5
16.exd5 Nxd4 17.Bxd4 Qc7 18.h4 Rg8 19.hxg5 hxg5 20.a4 Qb7 21.axb5 axb5 22.Bc3 Rc8
23.Rh7 Bf6 24.Ra5 Rc5 25.Qe2 Qxd5 26.Rxb5 Kd7 27.Rxc5 Qxc5 28.Qb5+ Qxb5 29.Bxb5+ Ke6
30.Rh1 Rb8 31.Be2 Ng6 32.Bc4+ d5 33.Bxf6 Kxf6 34.Bxd5 Rxb2  1/2-1/2

[Event "MTO"]
[Site "Biel SUI"]
[Date "2001.07.30"]
[Round "7"]
[White "Arizmendi Martinez,J"]
[Black "Cvitan,O"]
[Result "1/2-1/2"]
[WhiteElo "2495"]
[BlackElo "2555"]

1.e4 c5 2.Nf3 d6 3.d4 cxd4 4.Nxd4 Nf6 5.Nc3 a6 6.Be3 e6 7.f3 b5 8.g4 b4 9.Nce2 h6
10.Bg2 e5 11.Nf5 g6 12.Nfg3 Be6 13.h3 h5 14.g5 h4 15.gxf6 hxg3 16.Qd2 Nc6
17.f4 Rc8 18.Nxg3 exf4 19.Bxf4 Qxf6 20.e5 Nxe5 21.Ne4 Qh4+ 22.Bg3 Qe7 23.Rd1 Rxh3
24.Rxh3 Bxh3 25.Nxd6+ Qxd6 26.Qxd6 Bxd6 27.Bxh3 Nf3+ 28.Kf2 Rxc2+ 29.Kxf3 Bxg3
30.Kxg3 Rxb2 31.Ra1 a5 32.Bf1 Rc2 33.Bb5+ Ke7 34.Ba4 Rc3+  1/2-1/2

[Event "MTO"]
[Site "Biel SUI"]
[Date "2001.07.30"]
[Round "7"]
[White "Costantini,R"]
[Black "Salzgeber,F"]
[Result "1-0"]
[WhiteElo "2287"]
[BlackElo "2153"]

1.e4 c5 2.Nf3 d6 3.d4 cxd4 4.Nxd4 Nf6 5.Nc3 a6 6.Be3 e5 7.Nb3 Be7 8.f3 Be6
9.Qd2 O-O 10.O-O-O a5 11.Bb5 Nc6 12.Kb1 Ne8 13.a3 Nc7 14.Bb6 Qb8 15.Be2 a4
16.Nc1 Rc8 17.g4 Bf8 18.h4 Nd4 19.Bxd4 exd4 20.Qxd4 b5 21.f4 Bc4 22.Nd5 Nxd5
23.exd5 g6 24.f5 Bxe2 25.Nxe2 Rc4 26.Qd3 Bg7 27.c3 Rxg4 28.fxg6 hxg6 29.h5 Qe8
30.hxg6 Rxg6 31.Nf4 Rg5 32.Rdf1 Rb8 33.Qh7+ Kf8 34.Ne6+  1-0

[Event "HZ Open"]
[Site "Vlissingen NED"]
[Date "2001.07.30"]
[Round "4"]
[White "Vehi Bach,V"]
[Black "Van Wely,L"]
[Result "0-1"]
[WhiteElo "2450"]
[BlackElo "2695"]

1.e4 c5 2.Nf3 d6 3.d4 cxd4 4.Nxd4 Nf6 5.Nc3 a6 6.Be3 e6 7.Be2 Be7 8.a4 Nc6
9.O-O O-O 10.f4 Qc7 11.Kh1 Re8 12.Bf3 Bf8 13.Nb3 b6 14.a5 bxa5 15.e5 dxe5
16.fxe5 Rd8 17.Nd4 Nxd4 18.Bxd4 Bb7 19.exf6 e5 20.fxg7 Bxg7 21.Bxe5 Qxe5
22.Qe1 Qxe1 23.Rfxe1 Bxf3 24.gxf3 Rd2 25.Rxa5 Rxc2 26.Rg1 Kh8 27.Ne4 Bxb2
28.Ra2 h6 29.Rb1 Rc1+ 30.Rxc1 Bxc1 31.Nc5 Rc8 32.Nxa6 Rc4 33.Nb8 Kg7 34.Nd7 f6
35.Nb6 Rc5 36.Ra4 Be3 37.Nc4 Bf4 38.h4 h5 39.Kg2 Rd5 40.Ra2 Rd4 41.Rc2 Kg6
42.Kh3 Rd3 43.Kg2 Kf5 44.Kf2 Ke6 45.Ke2 Rd5 46.Kf2 Rd3 47.Ke2 Rb3 48.Nd2 Rb6
49.Ne4 f5 50.Nc5+ Kd5 51.Nd3 Re6+ 52.Kf2 Be3+ 53.Kf1 Kd4 54.Ne1 Bf4 55.Kf2 Rg6
56.Ng2 Bg3+ 57.Kf1 Ra6 58.Rd2+ Kc3 59.Rd5 Ra1+ 60.Ke2 Ra2+ 61.Ke3 Rxg2 62.Rxf5 Bf2+
63.Ke4 Bxh4 64.Rxh5 Re2+ 65.Kf5 Be7 66.Rh6 Bc5 67.Rh8 Bd4 68.Rd8 Re5+ 69.Kg4 Kd3
70.f4 Re7 71.Ra8 Ke4 72.Ra4 Rg7+ 73.Kh4 Rg1 74.f5 Rf1 75.Kg4 Rf4+ 76.Kh5 Rxf5+
77.Kg4 Rf1 78.Kh4 Ke5 79.Kg4 Ke4 80.Kh4 Rg1 81.Rb4 Ke5 82.Ra4 Be3 83.Ra5+ Kf4
84.Ra4+ Kf3 85.Kh5 Rg5+ 86.Kh4 Rg6 87.Ra5 Rh6+ 88.Rh5 Ra6 89.Rb5 Bf4 90.Rb3+ Ke4
91.Kg4 Rg6+ 92.Kh4 Kf5 93.Rb5+ Be5 94.Kh3 Rg3+ 95.Kh4 Rg2 96.Rb3 Rh2+  0-1

[Event "1st Asean Open"]
[Site "Bandar Seri Begawan BRU"]
[Date "2001.07.31"]
[Round "3"]
[White "Nguyen Anh Dung"]
[Black "Sitanggang,S"]
[Result "1/2-1/2"]
[WhiteElo "2533"]
[BlackElo "2387"]

1.e4 c5 2.Nf3 d6 3.d4 cxd4 4.Nxd4 Nf6 5.Nc3 a6 6.Be3 e6 7.g4 h6 8.Rg1 Nc6
9.Qd2 Nxd4 10.Qxd4 e5 11.Qa4+ Bd7 12.Qb3 b5 13.f3 Be7 14.O-O-O Be6 15.Nd5 Bxd5
16.exd5 Nd7 17.a4 bxa4 18.Qxa4 Bg5 19.Re1 O-O 20.Kb1 Bxe3 21.Rxe3 Nc5 22.Qa3 Qg5
23.Re2 Rfb8 24.Qe3 Rb4 25.Qxg5 hxg5 26.c3 Rf4 27.Re3 a5 28.Bb5 g6 29.c4 a4
30.Ra3 Rb8 31.Ka2 Kg7 32.Rc1 e4 33.fxe4 Rxe4 34.Bxa4 Rb4 35.Bb5 Re2 36.Rb1 Rxh2
37.Re3 Rh8 38.Ka3 Rxb5 39.cxb5 Ra8+ 40.Kb4 Ra4+ 41.Kc3 Rxg4 42.b4 Na4+ 43.Kb3 Nb6
44.Rd3 Re4 45.Rd2  1/2-1/2

[Event "MTO"]
[Site "Biel SUI"]
[Date "2001.07.31"]
[Round "8"]
[White "Vovsha,E"]
[Black "Pavlovic,Mi"]
[Result "0-1"]
[WhiteElo "2382"]
[BlackElo "2500"]

1.e4 c5 2.Nf3 d6 3.d4 cxd4 4.Nxd4 Nf6 5.Nc3 a6 6.Be3 e5 7.Nb3 Be6 8.f3 Nbd7
9.g4 Be7 10.Qd2 O-O 11.O-O-O b5 12.g5 Nh5 13.Nd5 Bxd5 14.exd5 f5 15.gxf6 Rxf6
16.Kb1 Nf4 17.Qf2 Qc7 18.Bd3 Raf8 19.Be4 Bd8 20.Nc1 Qb7 21.Qg3 Bb6 22.Bxf4 exf4
23.Qe1 Ne5 24.b3 Qc7 25.Nd3 Bd4 26.Nxe5 Bxe5 27.Rg1 Rh6 28.Rg2 a5 29.a3 Rh5
30.Qd2 Rc8 31.Ka2 Kh8 32.Qe1 Bf6 33.Rd3 b4 34.Qc1 a4 35.Qxf4 Ra8 36.Qc1 axb3+
37.Rxb3 Qc4 38.Bd3 Qc5 39.Rg4 bxa3 40.Ra4 Rf8 41.Rb5 Qc7 42.Qxa3 Rxh2 43.Rc4 Qe7
44.Re4 Qd7 45.Rb6 Rh6 46.c3 Rh2+ 47.Kb3 Qc7 48.Rc6 Qb7+ 49.Rb4 Qf7 50.Rxd6 Be7
51.Rb7 Bxd6 52.Rxf7 Bxa3  0-1

[Event "Keres Mem Open"]
[Site "Tallinn EST"]
[Date "2001.07.31"]
[Round "9"]
[White "Kulaots,K"]
[Black "Yewdokimov,O"]
[Result "1-0"]
[WhiteElo "2529"]
[BlackElo "2390"]

1.e4 c5 2.Nf3 d6 3.d4 cxd4 4.Nxd4 Nf6 5.Nc3 a6 6.Be3 e6 7.g4 b5 8.g5 Nfd7
9.a3 Bb7 10.h4 Nc5 11.Qg4 Nbd7 12.h5 Ne5 13.Qg2 Nc4 14.Bxc4 bxc4 15.O-O-O Rb8
16.Nde2 Qa5 17.g6 Be7 18.gxf7+ Kxf7 19.Qf3+ Bf6 20.Rxd6 Ke7 21.Rhd1 Bxe4
22.Qg3 Rxb2 23.Kxb2 Rb8+ 24.Ka2 Bxc2 25.Bxc5 Bb3+ 26.Ka1 e5 27.Nd5+ Kf7 28.Rd7+  1-0

[Event "MTO"]
[Site "Biel SUI"]
[Date "2001.08.01"]
[Round "9"]
[White "Aarthie,R"]
[Black "Roschina,T"]
[Result "1/2-1/2"]
[WhiteElo "2249"]
[BlackElo "2322"]

1.e4 c5 2.Nf3 d6 3.d4 cxd4 4.Nxd4 Nf6 5.Nc3 a6 6.Be3 Ng4 7.Bg5 h6 8.Bh4 g5
9.Bg3 Bg7 10.h3 Ne5 11.Nf5 Bxf5 12.exf5 Nbc6 13.Nd5 Qa5+ 14.c3 Nd7 15.Be2 Nf6
16.Nxf6+ Bxf6 17.O-O Qxf5 18.Qb3 Rb8 19.Rae1 Be5 20.Bxe5 Nxe5 21.Bxa6 g4
22.hxg4 Qxg4 23.Rxe5 dxe5 24.Qb5+ Qd7 25.Qxe5 O-O 26.Bc4 Qg4 27.Bb3 Qg5 28.Qe4 e6
29.Re1 Rfc8 30.Re3 Kf8 31.Qd4 Qc5 32.Qf6 Qg5 33.Qd4 b6 34.Rg3 Qc1+ 35.Kh2 Ke7
36.Rd3 Rd8 37.Qb4+ Kf6 38.Re3 Qd2 39.Qh4+ Kg7 40.Bxe6 fxe6 41.Qe7+ Kh8 42.Qf6+ Kh7
43.Qf7+ Kh8 44.Qf6+ Kh7 45.Qf7+  1/2-1/2

[Event "UPI"]
[Site "Mancha Real ESP"]
[Date "2001.08.01"]
[Round "3"]
[White "Castillo Gallego,S"]
[Black "Vera,R"]
[Result "0-1"]
[WhiteElo "2234"]
[BlackElo "2563"]

1.e4 c5 2.Nf3 d6 3.d4 cxd4 4.Nxd4 Nf6 5.Nc3 a6 6.Be3 e6 7.g4 h6 8.f4 b5 9.Bg2 Bb7
10.g5 hxg5 11.fxg5 Nh5 12.g6 Nf6 13.gxf7+ Kxf7 14.O-O Qe8 15.Qg4 Nd7 16.Qg3 Rc8
17.Rae1 b4 18.Nce2 e5 19.Nf3 Rxc2 20.Ng5+ Ke7 21.Nf4 exf4 22.Bxf4 Kd8 23.Qb3 Rxg2+
24.Kxg2 Nxe4 25.Qxb4 Ndc5 26.Qb6+ Kc8 27.Kg1 Be7 28.Nxe4 Bxe4 29.b4 Qg6+
30.Bg3 Rxh2 31.Kxh2 Qh5+ 32.Kg1 Qh1+ 33.Kf2 Qf3+  0-1

[Event "UPI"]
[Site "Mancha Real ESP"]
[Date "2001.08.01"]
[Round "3"]
[White "De la Paz,F"]
[Black "Ruiz Jimenez,F"]
[Result "1/2-1/2"]
[WhiteElo "2461"]
[BlackElo "2115"]

1.e4 c5 2.Nf3 d6 3.d4 cxd4 4.Nxd4 Nf6 5.Nc3 a6 6.Be3 e5 7.Nb3 Be6 8.f4 exf4
9.Bxf4 Nc6 10.Qd2 d5 11.O-O-O Nxe4 12.Nxe4 dxe4 13.Qe3 Qf6 14.h4 Be7 15.Be2 Nb4
16.Bg5 Qe5 17.Bxe7 Kxe7 18.Qb6 Nd5 19.Qc5+ Ke8 20.Nd4 Rc8 21.Qa3 Nf4 22.Rhe1 Nxg2
23.Nxe6 Nxe1 24.Nd4 Ng2 25.Qa4+ Kf8 26.Qd7 Qc7 27.Qa4 Nf4 28.Bg4 Rd8 29.Rf1 h5
30.Ne6+ Nxe6 31.Bxe6 f6 32.Qxe4 Qd6 33.a4 Rh6 34.Bb3 b5 35.Kb1 Qe7 36.Qc6 bxa4
37.Qxa4 Qc5 38.Qe4 Re8 39.Qb7 Qe3 40.Qxa6 Qe2 41.Qd6+  1/2-1/2

[Event "MTO"]
[Site "Biel SUI"]
[Date "2001.08.02"]
[Round "10"]
[White "Prasad,D"]
[Black "Bozinovic,Bog"]
[Result "0-1"]
[WhiteElo "2440"]
[BlackElo "2297"]

1.e4 c5 2.Nf3 d6 3.d4 cxd4 4.Nxd4 Nf6 5.Nc3 a6 6.Be3 Nbd7 7.g4 Nb6 8.f3 h6
9.Qd2 Qc7 10.O-O-O e6 11.h4 Bd7 12.Qg2 g6 13.g5 Nh5 14.Kb1 O-O-O 15.Nb3 Kb8
16.Qf2 Nc8 17.Bd4 Rg8 18.f4 Bc6 19.Bf6 Nxf6 20.gxf6 b5 21.a3 Qb6 22.Qe1 h5
23.Rh2 Bh6 24.Qg3 Qc7 25.Nd4 Bb7 26.Nf3 Nb6 27.Rhd2 Qc5 28.Ng5 Qc7 29.Bxb5 d5
30.Bd3 Bf8 31.Bf1 Rc8 32.e5 Bc5 33.Na2 Rgd8 34.Nb4 Ka7 35.Nd3 Bf8 36.Nc1 Rd7
37.Nb3 Na4 38.Qe3+ Ka8 39.Qd4 Bc6 40.Bxa6 Rb8 41.Qe3 Rb6 42.Bf1 Qa7 43.Qd4 Rdb7
44.Rd3 Bb5 45.Rf3 Bxf1 46.Rdxf1 Bxa3 47.Rc3 Bxb2 48.Rc8+ Rb8 49.Rxb8+ Kxb8
50.Qxb2 Nxb2 51.Kxb2 Rb7 52.Rf3 Qd4+ 53.Kc1 Qg1+ 54.Kd2 Rc7 55.Nc1 Qd4+ 56.Nd3 Qc3+
57.Ke3 Qxc2 58.Rf2 Qd1 59.Rb2+ Kc8 60.Nf3 Rc4 61.Rd2 Qf1 62.Rf2 Qh1 63.Ra2 Re4+
64.Kf2 Qb1 65.Rd2 Qb6+ 66.Kg2 Qe3 67.Kg3 Kd8 68.Kg2 Rd4  0-1

[Event "MTO"]
[Site "Biel SUI"]
[Date "2001.08.03"]
[Round "11"]
[White "Tseitlin,Ma"]
[Black "Nemet,I"]
[Result "0-1"]
[WhiteElo "2509"]
[BlackElo "2427"]

1.e4 c5 2.Nf3 d6 3.d4 cxd4 4.Nxd4 Nf6 5.Nc3 a6 6.Be3 e5 7.Nb3 Be6 8.Qd2 Nbd7
9.f3 h5 10.Nd5 Bxd5 11.exd5 Qc7 12.Na5 Rc8 13.c4 b6 14.Nc6 Nb8 15.Nxb8 Rxb8
16.Bd3 g6 17.O-O Bg7 18.Rac1 a5 19.a3 O-O 20.b4 axb4 21.axb4 Rfe8 22.Be2 Ra8
23.Kh1 Nd7 24.Rfd1 Ra3 25.c5 bxc5 26.bxc5 Rxe3 27.Qxe3 Nxc5 28.Qa3 Bh6 29.Rc4 Rb8
30.Rb4 Rxb4 31.Qxb4 Qa7 32.Qb2 Kh7 33.Ra1 Qe7 34.Qb8 Bg7 35.Qa7 Qf6 36.Rf1 Qf4
37.Bb5 Bf8 38.g3 Qf5 39.Qa2 Bh6 40.Qb1 Qf6 41.Kg2 Be3 42.h4 Kg7 43.Qc2 Bd4
44.Rb1 Qd8 45.Qa2 Qc8 46.Be2 Nd7 47.Qc4 Qa8 48.Qa6 Qxd5 49.Bc4 Qc5 50.Qa2 e4
51.fxe4 Ne5 52.Bd5 Qc3 53.Qe2 Ng4 54.Ba2 Be5 55.Rb3 Qc6 56.Rf3 Bf6 57.Qd3 Qc1
58.Qe2 Bd4 59.Rxf7+ Kh6 60.Kf3 Qh1+  0-1

[Event "MTO"]
[Site "Biel SUI"]
[Date "2001.08.03"]
[Round "11"]
[White "Konguvel,P"]
[Black "Becker,Mart"]
[Result "1-0"]
[WhiteElo "2371"]
[BlackElo "2134"]

1.e4 c5 2.Nf3 d6 3.d4 cxd4 4.Nxd4 Nf6 5.Nc3 a6 6.Be3 e5 7.Nb3 Be6 8.f3 h5
9.Qd2 Nbd7 10.Nd5 Nxd5 11.exd5 Bf5 12.Be2 g6 13.O-O Bg7 14.Na5 Qc7 15.c4 b6
16.Nc6 Nb8 17.Rad1 a5 18.f4 Nxc6 19.dxc6 Rd8 20.fxe5 Bxe5 21.Bd4 Be6 22.Qe3 Rb8
23.Bf3 O-O 24.Bxe5 dxe5 25.Bd5 Rbe8 26.Rf6 Kg7 27.Rdf1 Re7 28.Qf3 Bf5 29.Rxf5 gxf5
30.Qg3+ Kf6 31.h4 e4 32.Rxf5+ Kxf5 33.Qg5+  1-0

[Event "It"]
[Site "Nikolaev UKR"]
[Date "2001.08.06"]
[Round "6"]
[White "Zubov,A UKR"]
[Black "Maksimenko,A"]
[Result "1-0"]
[WhiteElo "2473"]
[BlackElo "2502"]

1.e4 c5 2.Nf3 d6 3.d4 Nf6 4.Nc3 cxd4 5.Nxd4 a6 6.Be3 e6 7.g4 h6 8.f3 d5 9.e5 Nfd7
10.f4 Nc6 11.Qd2 Bc5 12.O-O-O Nxd4 13.Bxd4 Bxd4 14.Qxd4 Qb6 15.Qxb6 Nxb6
16.h4 Bd7 17.b3 Ke7 18.Bd3 h5 19.gxh5 Rxh5 20.Be2 Rh6 21.h5 g6 22.hxg6 Rxg6
23.Rh7 Rag8 24.Bd3 R6g7 25.Rh6 Rg1 26.Rxg1 Rxg1+ 27.Kd2 Be8 28.f5 Rg5 29.Ke3 Nd7
30.Kf4 Rg2 31.Rh8 Nc5 32.f6+ Kd8 33.b4 Nxd3+ 34.cxd3 Rb2 35.a3 b5 36.Ke3 Kd7
37.Ne2 Rb3 38.Nd4 Rxa3 39.Kd2 Ra2+ 40.Kc3 a5 41.bxa5 Rxa5 42.Kb4 Ra4+ 43.Kc5 b4
44.Kb5 Ra8 45.Kxb4 Rb8+ 46.Kc3 Kc7 47.Rf8 Kd7 48.Nb3 Kc6 49.d4 Kb5 50.Nc5 Rc8
51.Kd3 Kc6 52.Ke3 Rb8 53.Kf4 Rb4 54.Rxe8 Rxd4+ 55.Ke3 Rc4 56.Nxe6  1-0

[Event "Stork YM"]
[Site "Hengelo NED"]
[Date "2001.08.07"]
[Round "2"]
[White "Ginzburg,Mi"]
[Black "Vink,N"]
[Result "0-1"]
[WhiteElo "2274"]
[BlackElo "2281"]

1.e4 c5 2.Nf3 d6 3.d4 cxd4 4.Nxd4 Nf6 5.Nc3 a6 6.Be3 e5 7.Nb3 Be6 8.Qd2 Qc7
9.f3 Nbd7 10.g4 h6 11.O-O-O b5 12.Nd5 Bxd5 13.exd5 Rc8 14.Kb1 Nb6 15.Bxb6 Qxb6
16.Be2 g6 17.h4 Bg7 18.g5 Nh5 19.Bd3 Nf4 20.Be4 hxg5 21.hxg5 Kd7 22.Nc1 Rcg8
23.Nd3 Nxd3 24.Bxd3 Qd4 25.Rxh8 Rxh8 26.Qa5 e4 27.c3 Qxd5 28.fxe4 Qb7 29.Qb4 Be5
30.a4 Ke7 31.axb5 axb5 32.Bxb5 Rh4 33.Rd5 Qxd5 34.exd5 Rxb4 35.cxb4 Bf4 36.Be2 Bxg5
37.b5 Be3 38.Kc2 Bb6 39.Kd1 Kf6 40.Ke1 Ke5 41.Bf3 f5 42.Kf1 g5 43.Kg2 g4
44.Bd1 Kxd5 45.Kg3 Ke5 46.Bc2 d5 47.Bb1 Bc7 48.Bc2 Kf6+ 49.Kh4 Ba5 50.Bd1 Kg6
51.Kg3 Kg5 52.b4 Bb6 53.Bb3 f4+ 54.Kg2 f3+ 55.Kg3 Bc7+ 56.Kf2 Kf4 57.Bxd5 g3+  0-1

[Event "Kochan Mem Open"]
[Site "Koszalin POL"]
[Date "2001.08.07"]
[Round "4"]
[White "Liwak,P"]
[Black "Guliev,L"]
[Result "1-0"]
[WhiteElo "2298"]
[BlackElo "2371"]

1.e4 c5 2.Nf3 d6 3.d4 cxd4 4.Nxd4 Nf6 5.Nc3 a6 6.Be3 e6 7.Be2 Be7 8.O-O O-O
9.f4 Nc6 10.Kh1 Bd7 11.Qe1 Qc7 12.Qg3 b5 13.a3 Rad8 14.Rae1 Nxd4 15.Bxd4 Bc6
16.Bf3 Ne8 17.f5 e5 18.Be3 Kh8 19.Qf2 Qb7 20.Rd1 Nf6 21.Bg5 Rd7 22.Nd5 Bxd5
23.Bxf6 Bxf6 24.Rxd5 Rc8 25.Rfd1 Rc6 26.Qd2 h6 27.c3 Qb6 28.Qd3 Kh7 29.Be2 Rd8
30.Bh5 Kg8 31.Qd2 Bg5 32.Qd3 Be7 33.Qd2 Rc4 34.Qe1 Qa5 35.f6 Bxf6 36.Rxd6 Rxd6
37.Rxd6 Qc7 38.Rd5 Qc6 39.Qb1 Qb6 40.Be2 Rc8 41.Qc1 Qe6 42.Qd1 Qc6 43.g3 Rb8
44.Qg1 Rc8 45.Qa7 Rc7 46.Qf2 g6 47.Kg2 Kh7 48.h4 Bg7 49.h5 Qe6 50.Qf3 Bf6
51.Qd3 Be7 52.a4 bxa4 53.Qxa6 a3 54.bxa3 Qxa6 55.Bxa6 Rxc3 56.Rd7 Bf6 57.Rxf7+ Bg7
58.a4 gxh5 59.Bb5 Ra3 60.Ra7 Kh8 61.Ra8+ Kh7 62.a5 Bf6 63.a6 Bg5 64.Re8 h4
65.gxh4 Bf4 66.h5 Kg7 67.Re6 Ra5 68.Bc4 Be3 69.Kf3 Bd4 70.Kg4 Ra4 71.Bd5 Ra1
72.Re7+ Kf8 73.Rf7+ Ke8 74.Rf6 Rg1+ 75.Kf5 Rf1+ 76.Ke6 Rxf6+ 77.Kxf6 Kd7
78.Kg6 Be3 79.a7 Bxa7 80.Kxh6 Ke7 81.Kg7  1-0

[Event "Stork YM"]
[Site "Hengelo NED"]
[Date "2001.08.10"]
[Round "7"]
[White "Vink,N"]
[Black "Zhigalko,A"]
[Result "0-1"]
[WhiteElo "2281"]
[BlackElo "2400"]

1.e4 c5 2.Nf3 d6 3.d4 cxd4 4.Nxd4 Nf6 5.Nc3 a6 6.Be3 Nc6 7.Be2 e6 8.O-O Be7
9.Kh1 O-O 10.f4 Qc7 11.Nb3 b5 12.a3 Re8 13.Qe1 Bb7 14.Qg3 b4 15.axb4 Nxb4
16.Bd3 Rab8 17.e5 Nd7 18.exd6 Bxd6 19.Na5 Ba8 20.Nc4 Bf8 21.Qf2 Nc5 22.Rfd1 Ncxd3
23.cxd3 Nxd3 24.Rxd3 Qxc4 25.Rd2 Red8 26.Rc2 Rd3 27.Rcc1 Rbd8 28.Re1 Qc6
29.Ra5 g6 30.h4 Be7 31.Re2 R8d7 32.h5 Bf6 33.Rc5 Qb7 34.hxg6 hxg6 35.Rc4 Rc7
36.Rxc7 Qxc7 37.Rc2 Qc6 38.Re2 Kg7 39.Kg1 a5 40.Ba7 Qc4 41.Bb8 Be7 42.Kh2 Rd8
43.Qa7 Rh8+ 44.Kg3 Qd3+ 45.Kf2 Bf6 46.Re3 Qd2+ 47.Ne2 Bh4+ 48.g3 Bxg3+ 49.Rxg3 Rh2+
50.Kg1 Qe1+  0-1

[Event "I American Continental"]
[Site "Cali COL"]
[Date "2001.08.11"]
[Round "2"]
[White "Uribe,M"]
[Black "Arencibia,W"]
[Result "1/2-1/2"]
[WhiteElo "2337"]
[BlackElo "2548"]

1.e4 c5 2.Nf3 d6 3.d4 cxd4 4.Nxd4 Nf6 5.Nc3 a6 6.Be3 e6 7.f3 b5 8.g4 b4 9.Nce2 h6
10.Qd2 e5 11.Nf5 d5 12.O-O-O Be6 13.Kb1 Nbd7 14.exd5 Nxd5 15.Nc1 Qc7 16.Bd3 Rb8
17.Ka1 Nc3 18.bxc3 bxc3 19.Qe1 g6 20.Nd4 exd4 21.Bxd4 Ba3 22.Nb3 Bb2+ 23.Kb1 Rg8
24.f4 Qxf4 25.Bc4 Rb6 26.Bxb6 Qxc4 27.Qe3 Qc6 28.Bd4 Kd8 29.Rhe1 Kc8 30.Rd3 Bc4
31.Rxc3 Bxc3 32.Qxc3 Bd5 33.Qd2 Be6 34.Re3 Kb8 35.Rc3 Qe4 36.h3 f5 37.Na5 Ka8
38.Rc6 Rb8+ 39.Bb2 Nb6 40.Rd6 fxg4 41.hxg4 Bxg4 42.Rxg6 h5 43.Rh6 Qh1+ 44.Qc1 Qd5
45.Qe1 Bf5 46.Nc6 Rc8 47.Nb4 Qc5 48.Qh1+ Ka7 49.Nc6+ Ka8 50.Ne7+ Kb8 51.Nxc8 Qxc2+
52.Ka1 Nc4 53.Bd4 Bxc8 54.Rxh5 Qd3 55.Rd5 Qg6 56.Qc1 Be6 57.Qxc4 Bxd5 58.Qxd5 Kc8
59.Kb2 Qd3 60.Qe6+ Kc7 61.Be5+ Kd8 62.Bc3 Qb5+ 63.Kc2 Qa4+ 64.Kd3 Qd7+  1/2-1/2

[Event "Stork YM"]
[Site "Hengelo NED"]
[Date "2001.08.11"]
[Round "9"]
[White "Firman,N"]
[Black "Janssen,R"]
[Result "0-1"]
[WhiteElo "2511"]
[BlackElo "2437"]

1.e4 c5 2.Nf3 d6 3.d4 cxd4 4.Nxd4 Nf6 5.Nc3 a6 6.Be3 e6 7.f3 b5 8.g4 h6 9.Qd2 Nbd7
10.O-O-O Bb7 11.Kb1 b4 12.Nce2 d5 13.exd5 Nxd5 14.Nf4 Nxe3 15.Qxe3 Qb6 16.Bc4 O-O-O
17.Nd3 Be7 18.Rhe1 Bf6 19.Nb3 Qxe3 20.Rxe3 Nb6 21.Na5 Nxc4 22.Nxc4 Bd4 23.Re4 Bxe4
24.fxe4 h5 25.g5 f5 26.e5 Bc5 27.Nd2 Rd5 28.Nf3 Rhd8 29.Rf1 Kc7 30.Kc1 Rxd3
31.cxd3 Rxd3 32.Kc2 Re3 33.Kd2 Kc6 34.g6 Kd5 35.Ng5 Rxe5 36.Rf3 f4 37.h4 Be3+
38.Kd3 Rxg5 39.hxg5 e5 40.Rh3 e4+ 41.Ke2 Bd4 42.Rxh5 f3+ 43.Ke1 e3 44.Rh3 Ke4
45.Rh1 Ke5  0-1

[Event "7th Stage Russian Cup"]
[Site "Togliatty RUS"]
[Date "2001.08.11"]
[Round "4"]
[White "Shomoev,A"]
[Black "Kokarev,D"]
[Result "1/2-1/2"]
[WhiteElo "2397"]
[BlackElo "2463"]

1.e4 c5 2.Nf3 d6 3.d4 cxd4 4.Nxd4 Nf6 5.Nc3 a6 6.Be3 e5 7.Nb3 Be6 8.f3 Be7
9.Qd2 Nbd7 10.g4 h6 11.O-O-O b5 12.Kb1 Nb6 13.Qf2 Rb8 14.h4 b4 15.Ne2 Nc4
16.Bc1 a5 17.Ng3 Qc7 18.Nf5 Bf8 19.g5 Nh5 20.Bxc4 Bxc4 21.Ne3 Be6 22.Nd5 Bxd5
23.exd5 g6 24.Nd2 Bg7 25.Ne4 Kf8 26.Rd3 Nf4 27.Bxf4 exf4 28.Re1 hxg5 29.hxg5 Be5
30.Nf6 Kg7 31.Ng4 Rbe8 32.Rdd1 a4  1/2-1/2

[Event "Kochan Mem Open"]
[Site "Koszalin POL"]
[Date "2001.08.12"]
[Round "8"]
[White "Lukinov,P"]
[Black "Prokopchuk,E"]
[Result "0-1"]
[WhiteElo "2340"]
[BlackElo "2508"]

1.e4 c5 2.Nf3 d6 3.d4 cxd4 4.Nxd4 Nf6 5.Nc3 a6 6.Be3 e6 7.Be2 Be7 8.O-O O-O
9.a4 Nc6 10.f4 Re8 11.Nb3 b6 12.Bf3 Bb7 13.Qd2 Qc7 14.Qf2 Nd7 15.Rad1 Rad8
16.Kh1 Bf6 17.Nd4 Nxd4 18.Bxd4 Bxd4 19.Qxd4 Nf6 20.Qd2 e5 21.fxe5 Rxe5 22.Qd4 Qc5
23.Rd2 Kf8 24.Rfd1 Ke7 25.h3 g5 26.b4 Qxd4 27.Rxd4 h5 28.g3 Rc8 29.R1d3 Re6
30.Kg1 g4 31.hxg4 hxg4 32.Bg2 Rc7 33.Kf1 Nd7 34.Nd1 Rxc2 35.Ne3 Rf6+ 36.Ke1 Rc1+
37.Kd2 Ra1 38.Nf5+ Rxf5 39.exf5 Ra2+ 40.Kc1 Bxg2 41.Rxd6 Nf6 42.Rxb6 Rxa4
43.Rdd6 Nd7 44.f6+ Kd8 45.Rxa6 Rxb4 46.Rd2 Be4 47.Rb2 Rc4+ 48.Kd2 Kc7 49.Ke3 Bc6
50.Rh2 Re4+ 51.Kd2 Nxf6 52.Ra7+ Bb7 53.Kd3 Rb4 54.Rf2 Rb6 55.Kd4 Kb8 56.Ra5 Bf3
57.Rf5 Kc7 58.Ke5 Re6+ 59.Kf4 Kd7 60.Ra2 Ke7 61.Ra7+ Kf8 62.Rfa5 Nd5+ 63.Kg5 Kg7
64.R5a6 Re5+ 65.Kh4 Ne7 66.Rb6 Ng6+ 67.Rxg6+ Kxg6 68.Ra6+ Kg7 69.Rg6+ Kf8  0-1

[Event "Faakersee Open"]
[Site "Latschach AUT"]
[Date "2001.08.12"]
[Round "3"]
[White "Devide,Z"]
[Black "Kummer,Hei"]
[Result "0-1"]
[WhiteElo "2256"]
[BlackElo "2062"]

1.e4 c5 2.Nf3 d6 3.d4 cxd4 4.Nxd4 Nf6 5.Nc3 a6 6.Be3 e6 7.f3 Be7 8.Qd2 Qc7
9.g4 Nc6 10.O-O-O b5 11.g5 Nd7 12.Nf5 exf5 13.Nd5 Qd8 14.exf5 f6 15.h4 Bb7
16.Rg1 Rc8 17.gxf6 gxf6 18.Rg7 Bf8 19.Re1 Nce5 20.Bb6 Nxb6 21.Rxb7 Nd7 22.Kb1 h5
23.f4 Bh6 24.Qg2 Kf8 25.fxe5 Nxe5 26.Rxe5 Rg8 27.Qe2 dxe5 28.Ne7 Rg7 29.Ng6+ Kg8
30.Ne7+ Rxe7  0-1

[Event "I American Continental"]
[Site "Cali COL"]
[Date "2001.08.13"]
[Round "4"]
[White "Uribe,M"]
[Black "Buitrago,J"]
[Result "1-0"]
[WhiteElo "2337"]
[BlackElo "2234"]

1.e4 c5 2.Nf3 d6 3.d4 cxd4 4.Nxd4 Nf6 5.Nc3 a6 6.Be3 e6 7.f4 Qc7 8.Be2 Be7
9.O-O O-O 10.Kh1 Nc6 11.a4 Re8 12.Bf3 Rb8 13.g4 Nxd4 14.Bxd4 e5 15.fxe5 dxe5
16.Ba7 Ra8 17.g5 Rd8 18.Qe2 Ne8 19.Be3 Be6 20.Bg4 Bc5 21.Bxe6 fxe6 22.Qf2 Rd4
23.Ne2 Nd6 24.Bxd4 exd4 25.Qg2 Nc4 26.g6 Qe5 27.gxh7+ Kh8 28.Nf4 Kxh7 29.Qg6+ Kh8
30.Nxe6 Bd6 31.Rf4 Be7 32.Raf1 Nd2 33.R1f2  1-0

[Event "7th Stage Russian Cup"]
[Site "Togliatty RUS"]
[Date "2001.08.13"]
[Round "6"]
[White "Shomoev,A"]
[Black "Sidorov,A"]
[Result "1/2-1/2"]
[WhiteElo "2397"]
[BlackElo "2370"]

1.e4 c5 2.Nf3 d6 3.d4 cxd4 4.Nxd4 Nf6 5.Nc3 a6 6.Be3 e6 7.f3 h5 8.Qd2 Nbd7
9.O-O-O Qc7 10.Bd3 Nc5 11.Kb1 Bd7 12.Rhe1 Be7 13.h3 b5 14.Bxb5 axb5 15.Ndxb5 Bxb5
16.Nxb5 Qb7 17.Nxd6+ Bxd6 18.Qxd6 Na4 19.Bd4 Ra6 20.Qa3 Nd7 21.Qb3 Qc6 22.Qb4 f6
23.b3 Kf7 24.Ba1 Rha8 25.Qd2 Nac5 26.a4 Nb6 27.Bb2 Rb8 28.Qf4 Nbd7 29.e5 Rxa4
30.Qe3 f5 31.Rd6 Qb5 32.Red1 Nf8 33.R6d4 Raa8 34.g4 Nxb3 35.cxb3 Qxb3 36.Qxb3 Rxb3
37.gxf5 Rab8 38.fxe6+ Nxe6 39.Rd7+ Ke8 40.R7d2 Rxf3 41.Rd6 Kf7 42.Rd7+ Kg6
43.Rg1+ Kf5 44.Rf7+ Ke4 45.Re1+ Re3 46.Rxe3+ Kxe3 47.Re7 Rb6 48.Kc2 h4 49.Ba3 Rc6+
50.Kd1 g5 51.Bc1+ Kf3 52.Rf7+ Ke4 53.Bb2 Rb6 54.Kc2 Nf4 55.Rf6 Rxf6 56.exf6 g4
57.f7 Ng6 58.Ba3 gxh3 59.Bd6 Kf3 60.Kd3 Kg2 61.Ke4 h2 62.Kf5 Nf8 63.Bxf8 h1=Q
64.Bd6 Qf1+ 65.Ke6 h3 66.Ke7 Qe2+ 67.Kd8 Qf3 68.Ke7 Qe4+ 69.Kd7 Qb7+ 70.Ke6 Qb3+
71.Ke7 Qe3+ 72.Kd7 Qh6 73.Ke7 Qh4+ 74.Ke8 Qh5 75.Ke7 Qh7 76.Ke6 Qg7 77.Ke7 Kf3
78.Ke8 Qg6 79.Ke7 Qh7 80.Ke8 Qh5 81.Ke7 Qg5+ 82.Ke8 Qe3+ 83.Kd7  1/2-1/2

[Event "TCh-ESP Div 2"]
[Site "Vila Real ESP"]
[Date "2001.08.14"]
[Round "2"]
[White "Galiana,J"]
[Black "Zarzo Lopez,T"]
[Result "0-1"]
[WhiteElo "2235"]
[BlackElo "2271"]

1.e4 c5 2.Nf3 d6 3.d4 cxd4 4.Nxd4 Nf6 5.Nc3 a6 6.Be3 Nc6 7.f3 e6 8.Qd2 Be7
9.O-O-O Qc7 10.g4 Nd7 11.f4 b5 12.Nxc6 Qxc6 13.Rg1 b4 14.Ne2 Bb7 15.f5 Rc8
16.Kb1 e5 17.Nc1 Nf6 18.Bd3 Nxe4 19.Qxb4 d5 20.Qb6 d4 21.Qxc6+ Bxc6 22.Bd2 Nxd2+
23.Rxd2 Bg5 24.Re2 Be3 25.Rg3 Bb7 26.Nb3 O-O 27.Nd2 Bf4 28.Rg1 Rc7 29.Ne4 Rd8  0-1

[Event "TCh-ESP Div 2"]
[Site "Vila Real ESP"]
[Date "2001.08.14"]
[Round "2"]
[White "Gonzalez Diaz,D"]
[Black "Vera,R"]
[Result "0-1"]
[WhiteElo "2311"]
[BlackElo "2563"]

1.e4 c5 2.Nf3 d6 3.d4 cxd4 4.Nxd4 Nf6 5.Nc3 a6 6.Be3 e6 7.Qd2 b5 8.f3 Nbd7
9.g4 Nb6 10.Qf2 Nfd7 11.Bd3 Bb7 12.O-O-O Rc8 13.g5 Rxc3 14.bxc3 Qc7 15.Rhf1 d5
16.Ne2 Na4 17.exd5 Bxd5 18.f4 Ba3+ 19.Kd2 O-O 20.Bd4 Rd8 21.Rg1 e5 22.fxe5 Nxe5
23.Bxe5 Qxe5 24.Qf5 Qxf5 25.Bxf5 Nb2 26.Rdf1 Bg2+ 27.Nd4 Bxf1 28.Rxf1 Re8
29.Nf3 g6 30.Bh3  0-1

[Event "I American Continental"]
[Site "Cali COL"]
[Date "2001.08.15"]
[Round "6"]
[White "Uribe,M"]
[Black "Abreu,A"]
[Result "1/2-1/2"]
[WhiteElo "2337"]
[BlackElo "2488"]

1.e4 c5 2.Nf3 d6 3.d4 cxd4 4.Nxd4 Nf6 5.Nc3 a6 6.Be3 Ng4 7.Bc1 Nf6 8.Be3 Ng4
9.Bc1 Nc6 10.Nxc6 bxc6 11.Be2 Nf6 12.Be3 Rb8 13.Rb1 e6 14.O-O Be7 15.f4 O-O
16.Kh1 d5 17.e5 Nd7 18.Na4 c5 19.c4 d4 20.Bd2 f6 21.exf6 Nxf6 22.Bf3 Bd7
23.b3 Qc7 24.Nb2 Bd6  1/2-1/2